| 000 | 02659cam a2200373 a 4500 | ||
|---|---|---|---|
| 001 | 14168827 | ||
| 003 | ARRUPE | ||
| 005 | 20220511081714.0 | ||
| 008 | 041217s2005 enkab b 001 0 eng | ||
| 010 | _a 2005472619 | ||
| 015 |
_aGBA518164 _2bnb |
||
| 016 | 7 |
_a013124359 _2Uk |
|
| 020 | _a0297643177 (hard) | ||
| 020 | _a9780297643173 | ||
| 035 | _a(OCoLC)ocm58052344 | ||
| 040 |
_aUKM _cUKM _dBWKUK _dIXA _dVP@ _dDLC |
||
| 042 | _alccopycat | ||
| 050 | 0 | 0 |
_aML3800 _b.M73 2005 |
| 082 | 0 | 0 |
_a781/.11 _222 |
| 100 | 1 |
_aMithen, Steven J. _943729 |
|
| 245 | 1 | 4 |
_aThe singing Neanderthals : _bthe origins of music, language, mind and body / _cSteven Mithen. |
| 260 |
_aLondon : _bWeidenfeld & Nicolson, _c2005. |
||
| 300 |
_aix, 374 p. : _bill., maps ; _c25 cm. |
||
| 504 | _aIncludes bibliographical references (p. 333-360) and index. | ||
| 505 | 0 | _aThe need for an evolutionary history of music -- The present. More than cheesecake? : the similarities and differences between music and language ; Music without language : the brain, aphasia, and musical savants ; Language without music : acquired and congenital amusia ; The modularity of music and language : music processing within the brain ; Talking and singing to baby : brain maturation, language learning, and perfect pitch ; Music hath charms and can heal : music, emotion, medicine, and intelligence -- The past. Grunts, barks and gestures : communication by monkeys and apes ; Songs on the savannah : the origin of 'hmmmm' communication ; Getting into rhythm : the evolution of bipedalism and dance ; Imitating nature : communication about the natural world ; Singing for sex : is music a product of sexual selection? ; The demands of parenthood : human life history and emotional development ; Making music together : the significance of cooperation and social bonding ; Neanderthals in love : 'hmmmmm' communication by homo neanderthalensis ; The origin of language : the origin of homo sapiens and the segmentation of 'hmmmmm' ; A mystery explained, but not diminished : modern human dispersal, communicating with the Gods, and the remnants of 'hmmmmm'. | |
| 650 | 0 |
_aMusic _xOrigin. _951521 |
|
| 650 | 0 |
_aMusic _xPsychological aspects. _951522 |
|
| 650 | 0 | _aHuman evolution. | |
| 856 | 4 | 2 |
_3Contributor biographical information _uhttp://www.loc.gov/catdir/enhancements/fy0628/2005472619-b.html |
| 856 | 4 | 2 |
_3Publisher description _uhttp://www.loc.gov/catdir/enhancements/fy0628/2005472619-d.html |
| 906 |
_a7 _bcbc _ccopycat _d2 _encip _f20 _gy-gencatlg |
||
| 942 |
_2lcc _cMONOGRAPH |
||
| 999 |
_c131397 _d131397 |
||